| 000 | 00868nam a22002057a 4500 | ||
|---|---|---|---|
| 005 | 20260108124139.0 | ||
| 010 | _aHIN-130725 | ||
| 020 |
_c675.00 _a9789356824927 |
||
| 035 | _aHN-103171 | ||
| 037 | _bDBAD | ||
| 082 |
_a820.8 _21 |
||
| 100 |
_aबोहरा, मोहनकृष्ण _986236 |
||
| 245 |
_aएलियट और हिंदी साहित्य चिंतन/ _cमोहनकृष्ण बोहरा |
||
| 250 | _a1 | ||
| 260 |
_bप्रभाकर प्रकाशन _c2023 _aदिल्ली |
||
| 270 |
_bदिल्ली _aप्लाट न.-55, मेन मदर डेरी रोड, पांडव नगर ईस्ट _e110092 _k011-40395855 _k8368220032 |
||
| 300 |
_a221पृ. _c22सेमी (सजिल्द) |
||
| 700 | _986235 | ||
| 942 |
_2ddc _cHN _h820.8 _mबोहरा |
||
| 999 |
_c214034 _d214034 |
||